Air Force Ranks - Statistics

General Stats
  • This quiz has been taken 41 times
  • The average score is 16 of 21
Answer Stats
Pay Grade Rank % Correct
E-2 Airman
92%
E-3 Airman First Class
92%
O-4 Major
92%
O-3 Captain
85%
O-6 Colonel
85%
E-5 Staff Sergeant
85%
O-10 General
81%
O-2 First Lieutenant
77%
E-7 Master Sergeant
77%
O-1 Second Lieutenant
77%
E-4 Senior Airman
77%
E-6 Technical Sergeant
77%
E-1 Airman Basic
73%
E-9 Chief Master Sergeant
73%
O-5 Lieutenant Colonel
73%
O-7 Brigadier General
65%
O-9 Lieutenant General
65%
E-8 Senior Master Sergeant
62%
E-9 Chief Master Sergeant of the Air Force
54%
O-8 Major General
50%
E-9 Command Chief Master Sergeant
42%
No matching quizzes found
Score Distribution
Percent of People with Each Score
Percentile by Number Answered
Your Score History
You have not taken this quiz